Văn hóa truyền thống Tày, Nùng

TM tài liệu tham khảo tr. 336 - 343; Phác thảo bức tranh xã hội và con người Tày, Nùng. Giới thiệu về ngôn ngữ, văn học - nghệ thuật dân gian, tập quán sinh hoạt, tín ngưỡng dân gian và nghệ thuật làm nhà ở của người Tày, Nùng...

Cijeli opis

Spremljeno u:
Bibliografski detalji
Glavni autor: Hoàng, Quyết
Daljnji autori: Hội Văn nghệ dân gian Việt Nam
Format: Knjiga
Jezik:Undetermined
Izdano: H. Văn hóa dân tộc 2018
Teme:
Online pristup:http://lrc.tdmu.edu.vn/opac/search/detail.asp?aID=2&ID=37613
Oznake: Dodaj oznaku
Bez oznaka, Budi prvi tko označuje ovaj zapis!
Thư viện lưu trữ: Trung tâm Học liệu Trường Đại học Thủ Dầu Một
LEADER 01200nam a2200217Ia 4500
001 TDMU_37613
008 210410s9999 xx 000 0 und d
082 |a 610 
090 |b H407 
100 |a Hoàng, Quyết 
245 0 |a Văn hóa truyền thống Tày, Nùng 
245 0 |c Hoàng Quyết, Ma Khánh Bằng, Hoàng Huy Phách ...[và nh.ng.khác] 
260 |a H. 
260 |b Văn hóa dân tộc 
260 |c 2018 
300 |a 349 tr. 
520 |a TM tài liệu tham khảo tr. 336 - 343; Phác thảo bức tranh xã hội và con người Tày, Nùng. Giới thiệu về ngôn ngữ, văn học - nghệ thuật dân gian, tập quán sinh hoạt, tín ngưỡng dân gian và nghệ thuật làm nhà ở của người Tày, Nùng 
650 |a Văn hóa dân gian  |x Dân tộc Tày  |x Dân tộc Nùng  |z Việt Nam; Dân tộc Tày  |x Dân tộc Nùng  |x Văn hóa  |z Việt Nam 
700 |a Hội Văn nghệ dân gian Việt Nam 
856 |u http://lrc.tdmu.edu.vn/opac/search/detail.asp?aID=2&ID=37613 
980 |a Trung tâm Học liệu Trường Đại học Thủ Dầu Một